[Event "FRA-chT3 Gr06 0607"]
[Site "France"]
[Date "2007.03.18"]
[Round "7.5"]
[White "Huguet, Francois"]
[Black "Le Cabellec, Loic"]
[Result "1-0"]
[WhiteElo "2044"]
[BlackElo "1810"]
[PlyCount "51"]
[EventDate "2006.10.15"]
[EventType "team"]
[EventRounds "9"]
[EventCountry "FRA"]
[SourceTitle "EXT 2008"]
[Source "ChessBase"]
[SourceDate "2007.11.25"]
[SourceVersion "1"]
[SourceVersionDate "2007.11.25"]
[SourceQuality "1"]
[WhiteTeam "Quimper"]
[BlackTeam "Vitre"]
[WhiteTeamCountry "FRA"]
[BlackTeamCountry "FRA"]

1. d4 d6 2. e4 e6 3. f4 Nd7 4. Nf3 c5 5. c3 a6 6. Bd3 b5 7. 0-0 c4 8. Bc2 Bb7 9. Qe2 Ne7 10. Ng5 Ng8 11. e5 Be7 12. exd6 Bxg5 13. fxg5 Nb6 14. Nd2 Qxd6 15. Ne4 Bxe4 16. Bxe4 Ra7 17. Bf4 Qd7 18. Be5 Ne7 19. Bxg7 Rg8 20. Bf6 Ng6 21. d5 Nxd5 22. Bxd5 Qd6 23. Be4 Nf4 24. Rxf4 Qxf4 25. Rd1 Qc7 26. Bc6+ 1-0

[Event "FRA-chT3 Gr06 0607"]
[Site "France"]
[Date "2007.02.11"]
[Round "6.7"]
[White "Le Cabellec, Loic"]
[Black "Gallois, Jerome"]
[Result "1-0"]
[WhiteElo "1810"]
[BlackElo "1970"]
[PlyCount "83"]
[EventDate "2006.10.15"]
[EventType "team"]
[EventRounds "9"]
[EventCountry "FRA"]
[SourceTitle "EXT 2008"]
[Source "ChessBase"]
[SourceDate "2007.11.25"]
[SourceVersion "1"]
[SourceVersionDate "2007.11.25"]
[SourceQuality "1"]
[WhiteTeam "Vitre"]
[BlackTeam "Arradon"]
[WhiteTeamCountry "FRA"]
[BlackTeamCountry "FRA"]

1. d4 d5 2. e3 c6 3. h3 Nf6 4. a3 Qc7 5. Nf3 Nbd7 6. Nbd2 g6 7. c3 Bg7 8. Bd3 0-0 9. 0-0 Re8 10. e4 dxe4 11. Nxe4 Nh5 12. Qc2 b5 13. Be3 Nf4 14. Bxf4 Qxf4 15. Ng3 e5 16. Rae1 Bb7 17. Re4 Qf6 18. Rfe1 Qd6 19. dxe5 Nxe5 20. Nxe5 Rxe5 21. Rxe5 Bxe5 22. Qe2 Bxg3 23. fxg3 Rd8 24. Bb1 Qxg3 25. Ba2 Rf8 26. Rf1 c5 27. Rxf7 Rxf7 28. Qe8+ Kg7 29. Qxf7+ Kh6 30. Qxb7 Qe1+ 31. Kh2 Qe5+ 32. g3 Qe2+ 33. Qg2 Qe3 34. Bb1 a5 35. Be4 b4 36. cxb4 cxb4 37. axb4 axb4 38. Qc2 Qe1 39. Bg2 Qe3 40. h4 Qe5 41. Qd2+ Kg7 42. Qxb4 1-0

[Event "FRA-chT3 Gr06 0607"]
[Site "France"]
[Date "2006.12.10"]
[Round "4.6"]
[White "Le Gall, Tristan"]
[Black "Le Cabellec, Loic"]
[Result "1-0"]
[WhiteElo "1810"]
[BlackElo "1710"]
[PlyCount "101"]
[EventDate "2006.10.15"]
[EventType "team"]
[EventRounds "9"]
[EventCountry "FRA"]
[SourceTitle "EXT 2008"]
[Source "ChessBase"]
[SourceDate "2007.11.25"]
[SourceVersion "1"]
[SourceVersionDate "2007.11.25"]
[SourceQuality "1"]
[WhiteTeam "Lesneven"]
[BlackTeam "Vitre"]
[WhiteTeamCountry "FRA"]
[BlackTeamCountry "FRA"]

1. c4 e5 2. Nc3 c6 3. Nf3 d6 4. e3 Bg4 5. Be2 Bxf3 6. Bxf3 Nf6 7. d4 Be7 8. dxe5 dxe5 9. Qxd8+ Bxd8 10. 0-0 0-0 11. b3 Bc7 12. Ba3 Re8 13. Rad1 e4 14. Be2 Nbd7 15. Bd6 Bb6 16. Na4 h6 17. Rd2 Rac8 18. Nxb6 axb6 19. Rfd1 c5 20. h3 Kh7 21. Bg3 Re7 22. Rd6 h5 23. Bh4 Rc6 24. Bxh5 Ne5 25. Be2 Re6 26. Rd8 Ne8 27. Bg3 f6 28. Rb8 Re7 29. Rdd8 Rce6 30. Rd1 Kg6 31. Kf1 Nc6 32. Rc8 f5 33. a3 Rf7 34. Bf4 Rfe7 35. g4 fxg4 36. Bxg4 Rf6 37. Rd5 Rxf4 38. exf4 Nd4 39. Bh5+ Kf6 40. Rxe8 Rxe8 41. Bxe8 Nxb3 42. Ke1 Na5 43. Bb5 Nb3 44. Re5 Nd4 45. Rxe4 Kf5 46. Re7 Kxf4 47. Rxg7 Nf3+ 48. Kf1 Nh4 49. Rxb7 Ke5 50. Rxb6 Nf5 51. a4 1-0

[Event "FRA-chT4 0405"]
[Site "Bretagne"]
[Date "2005.04.13"]
[Round "6"]
[White "Le Cabellec, Loic"]
[Black "Buisson, Benoit"]
[Result "1/2-1/2"]
[WhiteElo "1590"]
[BlackElo "1640"]
[PlyCount "150"]
[EventDate "2004.04.03"]
[EventType "team"]
[EventRounds "7"]
[EventCountry "FRA"]
[SourceTitle "EXT 2007"]
[Source "ChessBase"]
[SourceDate "2006.11.23"]
[SourceVersion "1"]
[SourceVersionDate "2006.11.23"]
[SourceQuality "1"]

1. d4 Nf6 2. Nd2 d5 3. e3 Bf5 4. a3 e6 5. b4 Be7 6. c4 0-0 7. Bb2 c6 8. h3 Bd6 9. c5 Bc7 10. Ngf3 Nbd7 11. Nh4 Re8 12. Nxf5 exf5 13. Bc1 f4 14. Nf3 Ne4 15. Qc2 Ng5 16. Be2 Nxf3+ 17. Bxf3 fxe3 18. Bxe3 Bf4 19. Qd2 Qg5 20. h4 Qh6 21. Ke2 Re7 22. g4 Rae8 23. g5 Qe6 24. Rae1 Bxe3 25. fxe3 Qxe3+ 26. Qxe3 Rxe3+ 27. Kf2 Rxe1 28. Rxe1 Rxe1 29. Kxe1 f5 30. b5 Kf7 31. a4 Ke6 32. bxc6 bxc6 33. a5 Nf8 34. Ke2 Ng6 35. h5 Nf4+ 36. Ke3 Nh3 37. g6 hxg6 38. hxg6 Ng5 39. Bg2 Kf6 40. Bf1 Ne6 41. Ba6 Kxg6 42. Bc8 Kf6 43. Bd7 Nd8 44. Kf4 g5+ 45. Kg3 g4 46. Kh4 Ne6 47. Bxc6 Nxd4 48. Bxd5 Ne6 49. c6 Nc7 50. Bg2 Ke5 51. Kg3 Ne6 52. Bh1 Kd6 53. Bg2 Ng5 54. Kf4 Nf3 55. a6 Nd4 56. c7 Kxc7 57. Ke5 Nf3+ 58. Kf4 Kb6 59. Bf1 Nd4 60. Bd3 Kc6 61. Ke5 g3 62. Bf1 Nc2 63. Kf4 Kd6 64. Kxg3 Ke5 65. Bg2 f4+ 66. Kf2 Ne3 67. Bb7 Nc4 68. Ke2 Nd6 69. Kf3 Kf5 70. Bc6 Nf7 71. Bb7 Ne5+ 72. Kf2 Kg5 73. Be4 Kg4 74. Bb7 f3 75. Bxf3+ Nxf3 1/2-1/2

[Event "FRA-chT 0304 Regionale"]
[Site "Bretagne "]
[Date "2003.11.16"]
[Round "2"]
[White "Le Cabellec, Loic"]
[Black "Marboeuf, Antoine"]
[Result "1-0"]
[WhiteElo "1520"]
[BlackElo "1299"]
[PlyCount "79"]
[EventDate "2003.01.16"]
[EventType "team"]
[EventRounds "7"]
[EventCountry "FRA"]
[SourceTitle "EXT 2007"]
[Source "ChessBase"]
[SourceDate "2006.11.23"]
[SourceVersion "1"]
[SourceVersionDate "2006.11.23"]
[SourceQuality "1"]

1. d4 d5 2. h3 Nc6 3. e3 a6 4. Nf3 e6 5. a3 Bd6 6. Nbd2 e5 7. dxe5 Bxe5 8. Nxe5 Nxe5 9. b4 Nf6 10. Bb2 Nc6 11. Nf3 Be6 12. Bd3 0-0 13. 0-0 Qd6 14. Bxf6 gxf6 15. Nh4 Ne5 16. Bf5 Kh8 17. Qh5 Bxf5 18. Nxf5 Qe6 19. Nh6 f5 20. Nxf5 Rg8 21. Rfd1 Rg6 22. Rd4 Rag8 23. Ng3 Rh6 24. Qd1 c6 25. Rf4 Rgg6 26. Nf5 Rxh3 27. Ng3 Rgh6 28. gxh3 Qxh3 29. c4 Qe6 30. cxd5 cxd5 31. Rc1 b5 32. Rc5 Ng6 33. Qd4+ Ne5 34. Rxd5 Qc8 35. Rd8+ Qxd8 36. Qxd8+ Kg7 37. Nf5+ Kg6 38. Nxh6 Kxh6 39. Qf6+ Kh5 40. Rh4# 1-0

[Event "Ile et Vilaine-ch"]
[Site "Ile et Vilaine"]
[Date "2002.10.19"]
[Round "1"]
[White "Huard, Herve"]
[Black "Le Cabellec, Loic"]
[Result "1-0"]
[WhiteElo "1750"]
[BlackElo "1550"]
[PlyCount "107"]
[EventDate "2002.10.19"]
[EventType "swiss"]
[EventRounds "7"]
[EventCountry "FRA"]
[SourceTitle "EXT 2008"]
[Source "ChessBase"]
[SourceDate "2007.11.25"]
[SourceVersion "1"]
[SourceVersionDate "2007.11.25"]
[SourceQuality "1"]

1. e4 e5 2. Nf3 d6 3. Nc3 Nf6 4. Bc4 h6 5. d3 c6 6. 0-0 Be7 7. Ne2 a5 8. a4 Bg4 9. Ng3 Qd7 10. c3 b5 11. Bb3 0-0 12. h3 Bxf3 13. Qxf3 d5 14. Nf5 Kh7 15. exd5 Nxd5 16. Bxd5 cxd5 17. Nxe7 Qxe7 18. Qxd5 Nd7 19. axb5 f5 20. b4 a4 21. Be3 Rfd8 22. Qf3 Qf6 23. Ra3 f4 24. Bc5 Rab8 25. c4 Ra8 26. d4 Kh8 27. d5 Qf5 28. Be7 Rdc8 29. g4 Qc2 30. c5 Qd2 31. Qe4 Qb2 32. Rfa1 Rab8 33. b6 Nxb6 34. Bd6 Rb7 35. Bxe5 Re7 36. Bxb2 Rxe4 37. cxb6 Rxb4 38. Be5 Rxb6 39. Bxf4 g5 40. Bg3 Rb5 41. d6 Rd5 42. Rxa4 Kg7 43. Re1 Kf6 44. Rae4 Rd8 45. Re6+ Kf7 46. Re7+ Kf8 47. Rb7 R5xd6 48. Bxd6+ Rxd6 49. Ra1 Kg8 50. Raa7 Rf6 51. Rg7+ Kf8 52. Rgb7 Kg8 53. Ra8+ Rf8 54. Rxf8+ 1-0

[Event "Bretagne tt 0203"]
[Site "Bretagne"]
[Date "2002.10.13"]
[Round "1"]
[White "Le Cabellec, Loic"]
[Black "Bonnaud, Albert"]
[Result "0-1"]
[WhiteElo "1550"]
[BlackElo "1770"]
[PlyCount "96"]
[EventDate "2002.??.??"]
[EventType "team"]
[EventRounds "9"]
[EventCountry "FRA"]
[SourceTitle "EXT 2004"]
[Source "ChessBase"]
[SourceDate "2003.11.25"]
[SourceVersion "1"]
[SourceVersionDate "2003.11.25"]
[SourceQuality "1"]

1. d4 Nf6 2. Nf3 g6 3. e3 Bg7 4. c4 c5 5. d5 d6 6. Bd3 b5 7. cxb5 a6 8. 0-0 0-0 9. Nc3 axb5 10. Bxb5 Ba6 11. Qa4 Bxb5 12. Qxb5 Qc7 13. Qc4 Nbd7 14. e4 Rfb8 15. Rb1 Ng4 16. h3 Rb4 17. Qe2 Bxc3 18. hxg4 Rxa2 19. Bh6 Raxb2 20. Rxb2 Rxb2 21. Qe3 Qa5 22. Qf4 Ra2 23. Qe3 Ra1 24. Rxa1 Qxa1+ 25. Kh2 Bg7 26. g5 Qc3 27. Qf4 Be5 28. Nxe5 Qxe5 29. g3 Qxf4 30. gxf4 c4 31. f5 Ne5 32. fxg6 c3 33. f4 Nxg6 34. f5 Ne5 35. Kh3 c2 36. g6 hxg6 37. fxg6 fxg6 38. Bd2 Nd3 39. Kg4 c1Q 40. Bxc1 Nxc1 41. Kf4 Nd3+ 42. Ke3 Ne5 43. Kf4 Kf7 44. Kg5 Kg7 45. Kf4 Kf6 46. Kg3 Kg5 47. Kh3 Kf4 48. Kh4 Kxe4 0-1